00310nam a2200133Ia 4500003000400000005001700004008004100021020001800062040002000080100002000100245003200120260001500152260000900167OSt20231211072046.0170524s9999 xx 000 0 und d a81-261-0437-6 cIIMT UNIVERSITY aSethi - Praveen 0aHand Book of Modern Tourism bAnmol Pub. c1999